000
00264nam a2200109Ia 4500
008
200302s9999 xx 000 0 und d
100
_a
Shailesh Kudtarkar
245
_a
To Successful Waterproofing
260
_b
Xailex Publication
260
_c
2015
300
_a
124 P
999
_c
4322
_d
4322